[Event "XXXI Memorial Edoardo Crespi A"]
[Site "Milano ITA"]
[Date "2010.12.05"]
[Round "2"]
[White "Damia, Angelo"]
[Black "Salvador, Roland"]
[WhiteElo "2302"]
[BlackElo "2527"]
[Result "1/2-1/2"]
[PlyCount "75"]
[EventDate "2010.12.04"]

1. e4 c6 2. d4 d5 3. exd5 cxd5 4. Bd3 Nc6 5. c3 Qc7 6. Ne2 Bg4 7. f3 Bd7 8. Qb3
e6 9. Bf4 Bd6 10. Bxd6 Qxd6 11. Qa3 Qc7 12. f4 Nge7 13. Nd2 O-O 14. O-O Nf5 15.
Rf3 Nd6 16. Qb3 f5 17. Re3 Rac8 18. Re1 b5 19. Qd1 Na5 20. b4 Nac4 21. Bxc4
bxc4 22. a4 Ne4 23. Nxe4 fxe4 24. a5 Rf5 25. Qd2 Rcf8 26. g4 Rxf4 27. Nxf4 Qxf4
28. Qe2 e5 29. Rf1 Qxf1+ 30. Qxf1 Rxf1+ 31. Kxf1 exd4 32. cxd4 Kf7 33. h3 g5
34. Ke2 Kg6 35. Kd2 h5 36. Rg3 hxg4 37. hxg4 Kf6 38. Rh3 1/2-1/2

[Event "XXXI Memorial Edoardo Crespi A"]
[Site "Milano ITA"]
[Date "2010.12.05"]
[Round "2"]
[White "David, Alberto"]
[Black "Astengo, Marcello"]
[WhiteElo "2587"]
[BlackElo "2070"]
[Result "1-0"]
[PlyCount "131"]
[EventDate "2010.12.04"]

1. d4 d5 2. c4 c6 3. Nc3 Nf6 4. e3 e6 5. Nf3 Nbd7 6. Bd3 dxc4 7. Bxc4 b5 8. Bd3
Bb7 9. e4 a6 10. e5 Nd5 11. Nxd5 cxd5 12. O-O Be7 13. Re1 Qb6 14. Bg5 Bf8 15.
Be3 Bb4 16. Bd2 Be7 17. Rc1 O-O 18. Qc2 h6 19. Qc7 Qxc7 20. Rxc7 Bc8 21. Rec1
Re8 22. R1c6 Nf8 23. Ne1 Bd7 24. Rc1 Bd8 25. R7c2 Bb6 26. Be3 Rec8 27. f4 Rxc2
28. Rxc2 Rc8 29. Rxc8 Bxc8 30. g4 Nd7 31. Kf2 Nb8 32. Nf3 Nc6 33. Ke2 Kf8 34.
Bf2 Bd7 35. Ke3 Na5 36. Kd2 Nc4+ 37. Kc1 f6 38. exf6 gxf6 39. g5 Bc7 40. Bg3
hxg5 41. fxg5 Bxg3 42. hxg3 f5 43. Bxc4 dxc4 44. Ne5 Bc8 45. Kd2 a5 46. a4 bxa4
47. Nxc4 Kg7 48. Ke3 Bb7 49. Nb6 Bc6 50. Kf4 Kg6 51. Nc8 Bb5 52. d5 e5+ 53.
Kxe5 Kxg5 54. Ne7 Kg4 55. Nxf5 Bd7 56. Nd4 Kxg3 57. Kd6 Bg4 58. Ne6 Kf2 59. Ke7
Be2 60. d6 Bb5 61. Nd4 a3 62. bxa3 Ba4 63. d7 Bxd7 64. Kxd7 Ke3 65. Nc6 a4 66.
Kd6 1-0

[Event "XXXI Memorial Edoardo Crespi A"]
[Site "Milano ITA"]
[Date "2010.12.05"]
[Round "2"]
[White "Iudicello, Giovanni"]
[Black "Vezzosi, Paolo"]
[WhiteElo "2158"]
[BlackElo "2379"]
[Result "1/2-1/2"]
[PlyCount "160"]
[EventDate "2010.12.04"]

1. e4 c5 2. Nf3 a6 3. d4 cxd4 4. Nxd4 Nf6 5. Nc3 d6 6. Bg5 Nbd7 7. Qd2 b5 8. a3
Bb7 9. f3 e6 10. O-O-O Be7 11. Bd3 Rc8 12. Rhe1 Nc5 13. Kb1 O-O 14. Be3 Nfd7
15. f4 Nxd3 16. cxd3 Nc5 17. f5 Bf6 18. Qf2 Qa5 19. g4 b4 20. axb4 Qxb4 21. g5
Bxd4 22. Bxd4 Nb3 23. Ba7 d5 24. Qb6 Qxb6 25. Bxb6 d4 26. Ne2 exf5 27. Nxd4
Nxd4 28. Bxd4 Rfd8 29. Bc3 fxe4 30. dxe4 Bxe4+ 31. Kc1 Bd5 32. Rd4 Bb3 33. Ree4
Rxd4 34. Rxd4 a5 35. Kd2 a4 36. h4 Kf8 37. Re4 h5 38. Bb4+ Kg8 39. Bc3 Kh7 40.
Rf4 Kg6 41. Kd3 Re8 42. Kd2 Ra8 43. Kd3 Ra6 44. Kd2 Be6 45. Bb4 Bf5 46. Bc3 Bg4
47. Bb4 Re6 48. Bc5 Re2+ 49. Kc3 Rh2 50. Bf2 Bd1 51. Kd2 Bb3 52. Kd3 Rh1 53.
Bd4 Rh3+ 54. Ke2 Be6 55. Bf2 Bd7 56. Kd2 Rb3 57. Bd4 Rh3 58. Bf2 Bb5 59. Kc2
Rd3 60. Bd4 Kh7 61. Bc3 Rd7 62. Rb4 Rd5 63. Rf4 Kg6 64. Bd4 Rd6 65. Kd2 Re6 66.
Be3 Re5 67. Bd4 Re2+ 68. Kc3 Rh2 69. Kb4 Bd7 70. Kc3 Bg4 71. Bf2 f5 72. gxf6
gxf6 73. Kb4 Bd1 74. Bd4 f5 75. Kc4 Bg4 76. Bf2 Kf6 77. Kd5 Bd1 78. Bd4+ Kg6
79. Bf2 Rh3 80. Ke5 Rf3 1/2-1/2

[Event "XXXI Memorial Edoardo Crespi A"]
[Site "Milano ITA"]
[Date "2010.12.05"]
[Round "2"]
[White "Lapiccirella, Daniele"]
[Black "Tratar, Marko"]
[WhiteElo "2225"]
[BlackElo "2492"]
[Result "1/2-1/2"]
[PlyCount "115"]
[EventDate "2010.12.04"]

1. d4 Nf6 2. c4 e6 3. Nc3 Bb4 4. Bd2 O-O 5. Nf3 d5 6. e3 a6 7. Rc1 c5 8. a3
cxd4 9. axb4 dxc3 10. bxc3 Nc6 11. cxd5 exd5 12. b5 axb5 13. Bxb5 Ne4 14. c4
Bg4 15. h3 Bxf3 16. gxf3 Nxd2 17. Bxc6 Nxf3+ 18. Qxf3 bxc6 19. cxd5 cxd5 20.
Rd1 Qa5+ 21. Kf1 Rad8 22. Rg1 Rd6 23. Rg5 Rfd8 24. Qg3 g6 25. Qf3 Qa6+ 26. Kg2
d4 27. exd4 Rxd4 28. Rxd4 Rxd4 29. Qe3 Qc6+ 30. Qf3 Qxf3+ 31. Kxf3 Rd3+ 32. Kg2
f5 33. Kh2 Rf3 34. Kg2 Rd3 35. Kh2 Kg7 36. Rg1 Kh6 37. Ra1 Kg5 38. Ra7 h6 39.
Ra6 h5 40. h4+ Kxh4 41. Rxg6 Rd4 42. Rg8 Rf4 43. Rg2 Rg4 44. Rg3 Kg5 45. Ra3
Kf4 46. Rb3 Rg8 47. Ra3 Rb8 48. Kg2 h4 49. Ra4+ Kg5 50. Ra3 Rb2 51. Rc3 Rb4 52.
Ra3 Rg4+ 53. Kh3 Rf4 54. Kg2 Kg4 55. Rc3 h3+ 56. Rxh3 Rxf2+ 57. Kxf2 Kxh3 58.
Kf3 1/2-1/2

[Event "XXXI Memorial Edoardo Crespi A"]
[Site "Milano ITA"]
[Date "2010.12.05"]
[Round "2"]
[White "Lapiccirella, Mattia"]
[Black "Bonanno, Alessandro"]
[WhiteElo "2212"]
[BlackElo "2143"]
[Result "1-0"]
[PlyCount "95"]
[EventDate "2010.12.04"]

1. d4 Nf6 2. c4 c5 3. d5 e6 4. Nc3 exd5 5. cxd5 Bd6 6. g3 Be5 7. Bg2 d6 8. Nf3
Nbd7 9. O-O O-O 10. Nxe5 Nxe5 11. f4 Ng6 12. e4 Re8 13. Qc2 a6 14. Bd2 b5 15.
Rae1 b4 16. Nd1 a5 17. Ne3 Ba6 18. Nc4 Bxc4 19. Qxc4 Nd7 20. Rf3 Nb6 21. Qb5
Rb8 22. Qd3 c4 23. Qd4 Rc8 24. Rfe3 c3 25. bxc3 Nc4 26. Rf3 Nxd2 27. Qxd2 bxc3
28. Rxc3 Qb6+ 29. Qe3 Qb2 30. Rec1 Ne7 31. Rxc8 Rxc8 32. Rxc8+ Nxc8 33. a3 Nb6
34. Bf1 g6 35. h3 Na4 36. e5 dxe5 37. fxe5 Nc3 38. d6 Nd5 39. Qd3 Qb6+ 40. Kh2
Qf2+ 41. Kh1 Ne3 42. Qe2 Qxe2 43. Bxe2 Kf8 44. Bd3 Ke8 45. Kg1 Kd7 46. Kf2 Nd1+
47. Ke2 Nc3+ 48. Kd2 1-0

[Event "XXXI Memorial Edoardo Crespi A"]
[Site "Milano ITA"]
[Date "2010.12.05"]
[Round "2"]
[White "Loehnhardt, Benjamin"]
[Black "Sbarra, Marco"]
[WhiteElo "2042"]
[BlackElo "2312"]
[Result "1-0"]
[PlyCount "189"]
[EventDate "2010.12.04"]

1. e4 e5 2. Bc4 Nf6 3. d3 Nc6 4. Nc3 Bb4 5. Bd2 O-O 6. a3 Bxc3 7. Bxc3 d5 8.
exd5 Nxd5 9. Bxd5 Qxd5 10. Qf3 Qd6 11. Ne2 Nd4 12. Bxd4 exd4 13. Qf4 Qb6 14.
Qxd4 c5 15. Qc3 Re8 16. Kf1 Bf5 17. Ng3 Bg6 18. b3 a5 19. a4 Qb4 20. Qxb4 axb4
21. f4 Ra6 22. Kf2 f6 23. Rae1 Kf8 24. Rxe8+ Kxe8 25. Re1+ Kd7 26. Ne4 Rc6 27.
h3 Bf7 28. Nd2 Bd5 29. Nf1 Rc8 30. Ne3 Be6 31. Nc4 Bxc4 32. dxc4 g6 33. Re3 Rf8
34. Ke2 Rf7 35. Kd2 Kc7 36. c3 Rd7+ 37. Rd3 bxc3+ 38. Kxc3 Re7 39. b4 cxb4+ 40.
Kxb4 Re2 41. g3 Kc6 42. a5 Rb2+ 43. Ka3 Rh2 44. h4 Rg2 45. Kb4 Rb2+ 46. Rb3 Rg2
47. Ra3 Rb2+ 48. Kc3 Rg2 49. Kd4 Kc7 50. Kd5 Rd2+ 51. Kc5 f5 52. Re3 Kd7 53.
Rb3 Kc7 54. Re3 Kd7 55. Re5 Rb2 56. h5 Rb3 57. g4 fxg4 58. hxg6 hxg6 59. Rg5 g3
60. Rxg6 Rf3 61. Rg7+ Kc8 62. Kd6 Rd3+ 63. Ke5 Re3+ 64. Kd4 Rf3 65. Ke5 Re3+
66. Kd6 Rd3+ 67. Ke6 Re3+ 68. Kf6 Re4 69. f5 Rxc4 70. Rxg3 Rc5 71. Rd3 Rxa5 72.
Ke6 Ra1 73. Rd5 Re1+ 74. Kf7 Kc7 75. f6 Kc6 76. Rf5 Kd6 77. Kg6 Ke6 78. f7 Rg1+
79. Kh5 Rh1+ 80. Kg4 Rg1+ 81. Kh3 Kxf5 82. f8=Q+ Ke4 83. Qe7+ Kd4 84. Qb4+ Kd3
85. Qb3+ Kd2 86. Qb6 Re1 87. Kg3 Re3+ 88. Kf4 Re2 89. Qxb7 Ke1 90. Qb4+ Kf2 91.
Qc3 Kf1 92. Qc1+ Kf2 93. Qh1 Re1 94. Qf3+ Kg1 95. Kg3 1-0

[Event "XXXI Memorial Edoardo Crespi A"]
[Site "Milano ITA"]
[Date "2010.12.05"]
[Round "2"]
[White "Manca, Federico"]
[Black "Herman, Matthew J."]
[WhiteElo "2405"]
[BlackElo "2149"]
[Result "1-0"]
[PlyCount "99"]
[EventDate "2010.12.04"]

1. e4 c5 2. c3 d5 3. exd5 Qxd5 4. d4 Nf6 5. Nf3 Nc6 6. Be3 cxd4 7. cxd4 e6 8.
Nc3 Qd6 9. a3 Be7 10. Bd3 O-O 11. O-O b6 12. Qe2 Bb7 13. Rad1 Rfd8 14. Rfe1 h6
15. Bb1 Bf8 16. d5 Nxd5 17. Qc2 g6 18. Nxd5 exd5 19. Qd2 Kh7 20. h4 d4 21. Bf4
Qc5 22. Be4 Rd7 23. Rc1 Qb5 24. h5 Rc8 25. hxg6+ fxg6 26. Nh4 Ne7 27. Rxc8 Bxc8
28. Nxg6 Nxg6 29. Qc2 Re7 30. Qxc8 Rxe4 31. Rxe4 Qd5 32. Qc7+ Bg7 33. f3 Nxf4
34. Qxf4 d3 35. Qd2 Qc5+ 36. Kf1 Qc2 37. Qxc2 dxc2 38. Rc4 Bxb2 39. Rxc2 Bxa3
40. Rc7+ Kg6 41. Rxa7 Bc5 42. Ke2 h5 43. f4 Bd4 44. Kd3 Bc5 45. Ke4 Bf2 46. Rc7
h4 47. Rc6+ Kh5 48. Kf5 Bd4 49. Rd6 Bc5 50. Rd8 1-0

[Event "XXXI Memorial Edoardo Crespi A"]
[Site "Milano ITA"]
[Date "2010.12.05"]
[Round "2"]
[White "Marin, Mihail"]
[Black "Codenotti, Marco"]
[WhiteElo "2562"]
[BlackElo "2228"]
[Result "1/2-1/2"]
[PlyCount "114"]
[EventDate "2010.12.04"]

1. c4 g6 2. g3 Bg7 3. Bg2 Nf6 4. Nc3 d6 5. e4 O-O 6. Nge2 c5 7. O-O Nc6 8. d3
Ne8 9. Be3 Nc7 10. d4 cxd4 11. Nxd4 Nxd4 12. Bxd4 Be6 13. Bxg7 Kxg7 14. Qd4+ f6
15. Rad1 Bf7 16. b3 b6 17. f4 Rb8 18. Rfe1 b5 19. cxb5 Nxb5 20. Nxb5 Rxb5 21.
Qxa7 Ra5 22. Qf2 Qb8 23. Rc1 Qb4 24. Re2 Rc5 25. Rd1 Rfc8 26. Qd4 Qa3 27. Qb2
Qa7 28. Kh1 Rc3 29. e5 Qc5 30. exf6+ exf6 31. Red2 Rc2 32. Rxc2 Qxc2 33. Qxc2
Rxc2 34. Bd5 Rxa2 35. Bxf7 Kxf7 36. Rxd6 Rb2 37. Rd7+ Ke6 38. Rxh7 Rxb3 39. Kg2
g5 40. Rh5 Kf5 41. fxg5 Kg6 42. Rh6+ Kxg5 43. Rh8 Rb2+ 44. Kf3 Rb3+ 45. Kg2
Rb2+ 46. Kh3 f5 47. Rg8+ Kh5 48. Ra8 Kg5 49. Ra5 Rc2 50. Ra3 Rb2 51. Ra1 Rc2
52. Rg1 Rb2 53. Rg2 Rxg2 54. Kxg2 f4 55. h4+ Kg4 56. gxf4 Kxf4 57. Kh3 Ke5
1/2-1/2

[Event "XXXI Memorial Edoardo Crespi A"]
[Site "Milano ITA"]
[Date "2010.12.05"]
[Round "2"]
[White "Martinez, Rolly"]
[Black "Bonazzi, Edoardo"]
[WhiteElo "2425"]
[BlackElo "2164"]
[Result "1-0"]
[PlyCount "59"]
[EventDate "2010.12.04"]

1. e4 c6 2. d4 d5 3. exd5 cxd5 4. c4 Nf6 5. Nc3 e6 6. Nf3 Be7 7. cxd5 Nxd5 8.
Bd3 O-O 9. O-O Nc6 10. Re1 Bf6 11. Be4 Nce7 12. Qd3 h6 13. Ne5 Nxc3 14. Qxc3
Nf5 15. Be3 a5 16. Rad1 a4 17. Ng4 Nxe3 18. Nxf6+ Qxf6 19. fxe3 Qe7 20. a3 Ra6
21. Rc1 f5 22. Bf3 Rb6 23. Qc7 Qd6 24. Qxd6 Rxd6 25. Rc7 b5 26. Rec1 Bd7 27.
Rb7 f4 28. Rcc7 Rf7 29. Bh5 Re7 30. Bg6 1-0

[Event "XXXI Memorial Edoardo Crespi A"]
[Site "Milano ITA"]
[Date "2010.12.05"]
[Round "2"]
[White "Melotti, Dario"]
[Black "Facchetti, Gianni"]
[WhiteElo "2087"]
[BlackElo "2154"]
[Result "1/2-1/2"]
[PlyCount "95"]
[EventDate "2010.12.04"]

1. c4 Nf6 2. Nf3 d6 3. d4 Nbd7 4. Nc3 e5 5. g3 c6 6. Bg2 Be7 7. O-O Qc7 8. e4
O-O 9. h3 Re8 10. Qc2 Nf8 11. Be3 Ng6 12. Rad1 b6 13. Rfe1 Ba6 14. Bf1 Rad8 15.
a4 Bb7 16. Bg2 a6 17. Nd2 h6 18. Nf1 Bf8 19. Qb3 exd4 20. Bxd4 Nd7 21. f4 Nc5
22. Qc2 a5 23. Qf2 Ba6 24. Bxc5 bxc5 25. Nd2 Rb8 26. b3 Be7 27. e5 dxe5 28. f5
Nf8 29. Nce4 Nd7 30. Re3 Nf6 31. Rd3 Red8 32. Nxf6+ gxf6 33. Ne4 Rd4 34. Rxd4
cxd4 35. Qf3 Kh7 36. Qh5 Rf8 37. g4 Kg7 38. Qh4 Qd8 39. Rd3 Bc8 40. Ng3 Bd7 41.
Be4 Rh8 42. Nh5+ Kg8 43. Qe1 c5 44. Kg2 Qb6 45. Kf3 Bc6 46. Bxc6 Qxc6+ 47. Qe4
Qxe4+ 48. Kxe4 1/2-1/2

[Event "XXXI Memorial Edoardo Crespi A"]
[Site "Milano ITA"]
[Date "2010.12.05"]
[Round "2"]
[White "Pace, Pietro Dario"]
[Black "Solodovnichenko, Yuri"]
[WhiteElo "2316"]
[BlackElo "2563"]
[Result "0-1"]
[PlyCount "62"]
[EventDate "2010.12.04"]

1. e4 c5 2. Nf3 d6 3. d4 Nf6 4. Nc3 cxd4 5. Nxd4 a6 6. Be3 e6 7. f3 b5 8. Qd2
Nbd7 9. g4 h6 10. O-O-O Qc7 11. h4 b4 12. Nce2 Nb6 13. Qxb4 Nc4 14. Qc3 d5 15.
g5 hxg5 16. Bxg5 Rb8 17. Nb3 Bb4 18. Qd4 Bd6 19. Nc3 Be5 20. Qd3 a5 21. Bxf6
Bxf6 22. exd5 Qf4+ 23. Kb1 Nxb2 24. Kxb2 a4 25. Qc4 Qxf3 26. Bd3 axb3 27. cxb3
Qxd5 28. Qxd5 exd5 29. Kc2 Be6 30. Bb5+ Kf8 31. a4 Rc8 0-1

[Event "XXXI Memorial Edoardo Crespi A"]
[Site "Milano ITA"]
[Date "2010.12.05"]
[Round "2"]
[White "Paleologu, Vladimir"]
[Black "Saric, Sinisa"]
[WhiteElo "2193"]
[BlackElo "2452"]
[Result "0-1"]
[PlyCount "38"]
[EventDate "2010.12.04"]

1. e4 d5 2. exd5 Qxd5 3. Nf3 Bg4 4. Be2 Nc6 5. d4 O-O-O 6. c4 Qd7 7. d5 Bxf3 8.
Bxf3 Ne5 9. O-O Nf6 10. Nc3 e6 11. dxe6 Qxe6 12. Bxb7+ Kxb7 13. Qxd8 Nf3+ 14.
Kh1 Qe5 15. g3 Qh5 16. Kg2 Nh4+ 17. Kg1 Bd6 18. Qxh8 Qf3 19. gxh4 Ng4 0-1

[Event "XXXI Memorial Edoardo Crespi A"]
[Site "Milano ITA"]
[Date "2010.12.05"]
[Round "2"]
[White "Pechy, Alaster"]
[Black "Borgo, Giulio"]
[WhiteElo "2187"]
[BlackElo "2414"]
[Result "0-1"]
[PlyCount "76"]
[EventDate "2010.12.04"]

1. Nf3 d5 2. b4 Bg4 3. Ne5 Bf5 4. e3 f6 5. Bd3 Bxd3 6. Nxd3 e5 7. O-O Bd6 8.
Nc3 c6 9. e4 Ne7 10. Kh1 O-O 11. f4 Nd7 12. f5 a5 13. b5 Rc8 14. bxc6 bxc6 15.
exd5 cxd5 16. Nb5 Bb8 17. a4 Nb6 18. Ba3 Rf7 19. Nc5 Qe8 20. Na6 Qd7 21. Nxb8
Rxb8 22. Nd6 Rff8 23. d3 Nec8 24. c4 Nxd6 25. c5 Nxf5 26. cxb6 Ne3 27. Qe2 Nxf1
28. Bxf8 Kxf8 29. Rxf1 Rxb6 30. Qxe5 Rb1 31. Qe2 Rxf1+ 32. Qxf1 Qxa4 33. h3 Qd7
34. Qf4 a4 35. Qb4+ Kf7 36. h4 h5 37. Qa5 Kg6 38. Qc5 Qg4 0-1

[Event "XXXI Memorial Edoardo Crespi A"]
[Site "Milano ITA"]
[Date "2010.12.05"]
[Round "2"]
[White "Quaranta, Cristiano"]
[Black "Marinone, Lucio"]
[WhiteElo "2131"]
[BlackElo "2011"]
[Result "1-0"]
[PlyCount "51"]
[EventDate "2010.12.04"]

1. d4 Nf6 2. c4 g6 3. Nc3 d5 4. h4 Bg7 5. h5 Nxh5 6. cxd5 c6 7. e4 cxd5 8. e5
Bf8 9. Qf3 Nc6 10. Be3 Be6 11. g4 Ng7 12. Nge2 Qd7 13. Nf4 Bxg4 14. Qg2 O-O-O
15. Bb5 h5 16. Nfxd5 Qf5 17. Bxc6 bxc6 18. Nf4 Qd7 19. Rc1 Be6 20. d5 Bg4 21.
dxc6 Qc7 22. O-O Nf5 23. Nb5 Nxe3 24. fxe3 Qxe5 25. c7 Qxe3+ 26. Kh1 1-0

[Event "XXXI Memorial Edoardo Crespi A"]
[Site "Milano ITA"]
[Date "2010.12.05"]
[Round "2"]
[White "Radice, Luca"]
[Black "Bozzali, Ermanno"]
[WhiteElo "2001"]
[BlackElo "2119"]
[Result "1-0"]
[PlyCount "80"]
[EventDate "2010.12.04"]

1. d4 e6 2. c4 f5 3. g3 Nf6 4. Bg2 c6 5. Nf3 d5 6. O-O Bd6 7. b3 Qe7 8. Bb2 O-O
9. Qc2 b6 10. Ne5 Bb7 11. Nd2 Nfd7 12. Nd3 Na6 13. e3 Rac8 14. Nf3 Nb4 15. Nxb4
Bxb4 16. Rac1 Ba6 17. Rfd1 g5 18. a3 Bd6 19. Ne5 Nxe5 20. dxe5 Bb8 21. f4 g4
22. Rd2 Rfd8 23. Rcd1 dxc4 24. bxc4 Rxd2 25. Rxd2 Qc5 26. Rd4 Re8 27. Qa4 Bb7
28. Qb3 Bc8 29. a4 b5 30. cxb5 cxb5 31. Qxb5 Qxb5 32. axb5 Bc7 33. Rc4 Bb6 34.
Bd4 Rd8 35. Kf2 Kf8 36. Ke1 Bd7 37. Bxb6 axb6 38. Bc6 Rc8 39. Kd2 Ke7 40. Kc3
Ra8 1-0

[Event "XXXI Memorial Edoardo Crespi A"]
[Site "Milano ITA"]
[Date "2010.12.05"]
[Round "2"]
[White "Rota, Simone"]
[Black "Zanetti, Alberto"]
[WhiteElo "2006"]
[BlackElo "2199"]
[Result "0-1"]
[PlyCount "78"]
[EventDate "2010.12.04"]

1. d4 Nf6 2. Nf3 e6 3. c4 b6 4. g3 Bb7 5. Bg2 Bb4+ 6. Bd2 a5 7. O-O O-O 8. a3
Be7 9. Nc3 d6 10. Qc2 Nbd7 11. b4 axb4 12. axb4 c5 13. Nb5 Be4 14. Qb2 d5 15.
dxc5 bxc5 16. Nc3 Rxa1 17. Rxa1 cxb4 18. Nxe4 Nxe4 19. Rc1 Qb6 20. e3 Rb8 21.
cxd5 exd5 22. Nd4 Ndc5 23. Bxe4 dxe4 24. Rb1 Qf6 25. Qc2 Nd3 26. f3 Bf8 27. Rf1
Qg6 28. fxe4 Nc5 29. Rf5 b3 30. Qb1 b2 31. e5 Ne6 32. Rf1 Qg5 33. Nf3 Qg4 34.
Kg2 Qc4 35. Re1 g6 36. h4 Bg7 37. Kf2 Nc5 38. Rd1 Ne4+ 39. Kg2 Qe2+ 0-1

[Event "XXXI Memorial Edoardo Crespi A"]
[Site "Milano ITA"]
[Date "2010.12.05"]
[Round "2"]
[White "Salami, Marco"]
[Black "Massironi, Marco"]
[WhiteElo "2203"]
[BlackElo "2185"]
[Result "0-1"]
[PlyCount "90"]
[EventDate "2010.12.04"]

1. d4 d5 2. c4 c6 3. Nf3 Nf6 4. Nc3 dxc4 5. e4 b5 6. e5 Nd5 7. a4 e6 8. axb5
Nxc3 9. bxc3 cxb5 10. Ng5 Bb7 11. Qh5 Qd7 12. Be2 Bd5 13. Bf3 g6 14. Qg4 Nc6
15. O-O Be7 16. Ne4 h5 17. Qg3 b4 18. Bg5 Bxe4 19. Bxe4 Rc8 20. Bxc6 Rxc6 21.
Bxe7 Qxe7 22. Qf3 Rc8 23. cxb4 O-O 24. d5 exd5 25. Qxd5 Rfd8 26. Qe4 Re8 27.
Ra5 Qxb4 28. Rxa7 Qb6 29. Rfa1 c3 30. Qf4 Qe6 31. R7a5 c2 32. Rc1 Red8 33. Raa1
Rd5 34. Re1 Rcd8 35. Qa4 Rxe5 36. Rec1 Rc8 37. h3 Re2 38. Kf1 Re4 39. Qa6 Qxa6+
40. Rxa6 Rd8 41. Raa1 Rd2 42. Re1 Rf4 43. Re2 Rd1+ 44. Re1 Rfd4 45. g3 Rxa1 0-1

[Event "XXXI Memorial Edoardo Crespi A"]
[Site "Milano ITA"]
[Date "2010.12.05"]
[Round "2"]
[White "Salmoiraghi, Angelo"]
[Black "Almonti, Alessandro"]
[WhiteElo "2139"]
[BlackElo "2033"]
[Result "1-0"]
[PlyCount "49"]
[EventDate "2010.12.04"]

1. d4 Nf6 2. c4 c5 3. d5 e5 4. Nc3 d6 5. e4 Nbd7 6. g3 g6 7. Bg2 Bg7 8. Nf3 O-O
9. O-O a6 10. a4 b6 11. Ne1 Ne8 12. Nd3 f5 13. f4 Bf6 14. exf5 gxf5 15. fxe5
Nxe5 16. Nf4 Nxc4 17. Ne6 Bxe6 18. dxe6 Bd4+ 19. Kh1 Nc7 20. Rxf5 Rb8 21. Qg4+
Kh8 22. Bg5 Ne3 23. Bxd8 Rxf5 24. Qxf5 Rxd8 25. Qf7 1-0

[Event "XXXI Memorial Edoardo Crespi A"]
[Site "Milano ITA"]
[Date "2010.12.05"]
[Round "2"]
[White "Tonndorf, Matthias"]
[Black "Formento, Paolo"]
[WhiteElo "2169"]
[BlackElo "1976"]
[Result "1-0"]
[PlyCount "122"]
[EventDate "2010.12.04"]

1. e4 e6 2. d4 d5 3. e5 c5 4. c3 Nc6 5. Nf3 Qb6 6. a3 Nh6 7. b4 cxb4 8. axb4
Bd7 9. Bd3 Rc8 10. O-O a5 11. b5 Na7 12. Qa4 Bxb5 13. Bxb5+ Qxb5 14. Qxb5+ Nxb5
15. Rxa5 Nxc3 16. Nxc3 Rxc3 17. Ra8+ Kd7 18. Bg5 Rc8 19. Ra7 Rc7 20. Rb1 b6 21.
Ra8 Rc8 22. Ra6 Rc7 23. Rbxb6 Be7 24. h4 Rhc8 25. Kh2 Ng8 26. Bd2 Rc6 27. Ba5
Rxb6 28. Bxb6 h6 29. g3 Rb8 30. Ra7+ Kc6 31. Ba5 Rc8 32. Kg2 g5 33. hxg5 hxg5
34. g4 Kb5 35. Bd2 Kc4 36. Be3 Rf8 37. Rc7+ Kd3 38. Ne1+ Ke2 39. Rc2+ Kxe1 40.
Kf3 Ba3 41. Ra2 Kd1 42. Rxa3 f6 43. Ra1+ Kc2 44. Ke2 fxe5 45. dxe5 Nh6 46. f3
Nf7 47. Bd4 Nh8 48. Ra3 Rc8 49. Ra2+ Kb3 50. Rb2+ Ka4 51. Rb7 Ng6 52. Rg7 Nf4+
53. Kd2 Nh3 54. Be3 Rf8 55. Ke2 Kb3 56. Rh7 Nf4+ 57. Bxf4 Rxf4 58. Rh6 Rc4 59.
Rxe6 Kc2 60. Rd6 d4 61. e6 Kc3 1-0

[Event "XXXI Memorial Edoardo Crespi A"]
[Site "Milano ITA"]
[Date "2010.12.05"]
[Round "2"]
[White "Tramalloni, Luca"]
[Black "Bemporad, Filippo"]
[WhiteElo "2144"]
[BlackElo "2068"]
[Result "1-0"]
[PlyCount "111"]
[EventDate "2010.12.04"]

1. d4 Nf6 2. c4 e6 3. g3 Be7 4. Bg2 d5 5. Nf3 O-O 6. O-O b6 7. Nc3 Bb7 8. Ne5
Nbd7 9. Qa4 c6 10. Nxd7 Qxd7 11. Rd1 Qc8 12. Bg5 h6 13. Bd2 Rd8 14. cxd5 cxd5
15. Rac1 Qd7 16. Qxd7 Rxd7 17. e3 Ba6 18. Bf1 Bxf1 19. Kxf1 Kf8 20. f3 Ne8 21.
Na4 Nd6 22. b3 Nb5 23. Rc2 Ke8 24. Rdc1 Kd8 25. Rc6 Rc7 26. Rxc7 Nxc7 27. Nb2
Na6 28. Nd3 Bd6 29. Ke2 Rc8 30. Rxc8+ Kxc8 31. Ne5 Bxe5 32. dxe5 Kd7 33. Kd3
Kc6 34. Kd4 Nc7 35. Bb4 Nb5+ 36. Kd3 Nc7 37. Bf8 Ne8 38. g4 Kb5 39. Kc3 Kc6 40.
h4 a6 41. h5 Kb5 42. a4+ Kc6 43. Kd4 Kc7 44. f4 Kc6 45. g5 Kd7 46. gxh6 gxh6
47. Bxh6 Ke7 48. Bg5+ Kf8 49. Bd8 Ng7 50. Bxb6 Nxh5 51. Kc5 Ke7 52. Kb4 Kd7 53.
Ka5 Ng3 54. Kxa6 Kc8 55. Ka7 Ne4 56. Bd4 1-0

[Event "XXXI Memorial Edoardo Crespi A"]
[Site "Milano ITA"]
[Date "2010.12.05"]
[Round "2"]
[White "Valenti, Giuseppe"]
[Black "Gonella, Daniele"]
[WhiteElo "2122"]
[BlackElo "2003"]
[Result "1-0"]
[PlyCount "37"]
[EventDate "2010.12.04"]

1. f4 e5 2. e4 exf4 3. Nf3 d6 4. d4 g5 5. h4 g4 6. Ng5 h6 7. Nxf7 Kxf7 8. Bc4+
Kg7 9. Bxf4 Nf6 10. Nc3 Nh5 11. Qd2 Be7 12. O-O c6 13. g3 Nd7 14. Bxd6 Bxd6 15.
Rf7+ Kg6 16. Qf2 Nxg3 17. Rg7+ Kh5 18. Bf7+ Kxh4 19. Qh2# 1-0

[Event "XXXI Memorial Edoardo Crespi A"]
[Site "Milano ITA"]
[Date "2010.12.06"]
[Round "3"]
[White "Almonti, Alessandro"]
[Black "Borin, Fabio"]
[WhiteElo "2033"]
[BlackElo "2141"]
[Result "1/2-1/2"]
[PlyCount "81"]
[EventDate "2010.12.04"]

1. c4 e5 2. g3 Nc6 3. Nc3 f5 4. d3 Bb4 5. Bd2 Nf6 6. Bg2 a5 7. e3 O-O 8. Nge2
Kh8 9. O-O d6 10. a3 Bc5 11. Nd5 Nxd5 12. cxd5 Ne7 13. d4 exd4 14. exd4 Bb6 15.
Bg5 h6 16. Bxe7 Qxe7 17. h4 Qf6 18. h5 Kg8 19. Qd2 f4 20. Nxf4 Bxd4 21. Ng6 Rf7
22. Ra2 Bb6 23. b4 Bg4 24. Nf4 Qg5 25. bxa5 Bxa5 26. Qc1 Re8 27. Qb1 Bb6 28. a4
Bf5 29. Qb3 Bc8 30. Qd3 Rfe7 31. Qg6 Bf5 32. Qxg5 hxg5 33. Ne6 Bg4 34. a5 Ba7
35. Nxg5 Bxh5 36. Rb2 Be2 37. Re1 Ba6 38. Rxe7 Rxe7 39. Ne6 Rf7 40. Rc2 Bd3 41.
Rd2 1/2-1/2

[Event "XXXI Memorial Edoardo Crespi A"]
[Site "Milano ITA"]
[Date "2010.12.06"]
[Round "3"]
[White "Astengo, Corrado"]
[Black "Rota, Simone"]
[WhiteElo "2139"]
[BlackElo "2006"]
[Result "1-0"]
[PlyCount "35"]
[EventDate "2010.12.04"]

1. d4 d5 2. Nf3 c6 3. c4 e6 4. e3 Nf6 5. Nc3 Nbd7 6. Bd3 dxc4 7. Bxc4 b5 8. Bd3
a6 9. e4 c5 10. e5 cxd4 11. Nxb5 Nxe5 12. Nxe5 axb5 13. O-O Qb6 14. Bg5 Rb8 15.
Rc1 Bb7 16. a4 Bc5 17. Bxb5+ Ke7 18. Nd7 1-0

[Event "XXXI Memorial Edoardo Crespi A"]
[Site "Milano ITA"]
[Date "2010.12.06"]
[Round "3"]
[White "Astengo, Marcello"]
[Black "Bonanno, Alessandro"]
[WhiteElo "2070"]
[BlackElo "2143"]
[Result "1/2-1/2"]
[PlyCount "74"]
[EventDate "2010.12.04"]

1. d4 Nf6 2. c4 g6 3. Nc3 Bg7 4. e4 d6 5. f3 O-O 6. Bg5 h6 7. Be3 e5 8. d5 a6
9. Qd2 Nbd7 10. O-O-O Kh7 11. g4 Nc5 12. h4 Ng8 13. Nh3 Ne7 14. Be2 Bd7 15.
Bxc5 dxc5 16. d6 cxd6 17. Qxd6 Be6 18. Qxc5 Rc8 19. Rxd8 Rxc5 20. Rxf8 Bxf8 21.
Rd1 Bxc4 22. Bxc4 Rxc4 23. Rd7 b5 24. Kd2 Kg7 25. Ng1 Nc6 26. Nge2 Bb4 27. Kd3
Ba5 28. Nd5 Nd4 29. Nxd4 Rxd4+ 30. Ke3 Bd2+ 31. Ke2 Bc1 32. Ra7 Rd2+ 33. Ke1
Rxb2 34. Rxa6 b4 35. Kd1 Bd2 36. a4 Ra2 37. Rb6 Bc3 1/2-1/2

[Event "XXXI Memorial Edoardo Crespi A"]
[Site "Milano ITA"]
[Date "2010.12.06"]
[Round "3"]
[White "Bemporad, Filippo"]
[Black "Bozzali, Ermanno"]
[WhiteElo "2068"]
[BlackElo "2119"]
[Result "0-1"]
[PlyCount "82"]
[EventDate "2010.12.04"]

1. d4 f5 2. Nf3 Nf6 3. g3 e6 4. Bg2 c6 5. c4 d5 6. b3 Bd6 7. O-O O-O 8. Ba3 Ne4
9. Bxd6 Qxd6 10. e3 Nd7 11. Qc2 b6 12. Nbd2 Bb7 13. Rac1 Rae8 14. Ne1 e5 15.
cxd5 Nxd2 16. Qxd2 Ba6 17. dxc6 Nc5 18. Qc2 exd4 19. exd4 Re2 20. dxc5 Rxc2 21.
cxd6 Rxc1 22. Nd3 Rc3 23. Nb4 Bxf1 24. Bxf1 Kf7 25. Bc4+ Rxc4 26. bxc4 Ke6 27.
d7 Kd6 28. f4 a5 29. Nd3 Kxc6 30. Ne5+ Kc7 31. a4 Rf6 32. Kf2 Rd6 33. Ke2 Rd4
34. h3 h6 35. Kf3 g5 36. Ke3 Re4+ 37. Kf3 Rxe5 38. fxe5 Kxd7 39. Ke3 Ke6 40.
Kd4 h5 41. h4 g4 0-1